000 00652nam a2200205Ia 4500
008 140925s9999 xx 000 0 und d
020 _a1468-005X
100 _aHowcroft, Debra.
245 _aNew technology, work and Employment /
_cDebra Howcroft.
_h[electronic resource]
260 _bJohn Wiley & Sons, Inc.,
_cc2014.
516 _aElectronic text
650 _aEmployment.
650 _aHuman Resource Management.
650 _aJournal.
650 _aTechnology.
830 _aJohn Wiley & Sons, Inc.
856 _uhttp://onlinelibrary.wiley.com/journal/10.1111/%28ISSN%291468-005X
942 _cEJ
999 _c275805
_d275805